[Event "Foxwoods op"]
[Site "Ledyard"]
[Date "2009.04.10"]
[Round "5"]
[White "Sobo, Henry C"]
[Black "West, James R"]
[Result "1-0"]
[WhiteElo "2074"]
[BlackElo "2180"]
[PlyCount "87"]
[EventDate "2009.04.08"]
[EventType "swiss"]
[EventRounds "9"]
[EventCountry "USA"]
[SourceTitle "CBM 129 Extra"]
[Source "ChessBase"]
[SourceDate "2009.05.05"]
[SourceVersion "2"]
[SourceVersionDate "2009.05.20"]
[SourceQuality "1"]

1. c4 e6 2. g3 Nf6 3. Bg2 d5 4. Nf3 b6 5. cxd5 exd5 6. 0-0 Bd6 7. d4 Nbd7 8. Nc3 Bb7 9. Nb5 Be7 10. Bf4 Rc8 11. Nxa7 Ra8 12. Nb5 Rc8 13. Rc1 c6 14. Nd6+ Bxd6 15. Bxd6 Ne4 16. Ba3 c5 17. Nd2 f5 18. Nb3 c4 19. Nd2 Ndf6 20. f3 Nd6 21. Bxd6 Qxd6 22. Nb1 h5 23. Qd2 h4 24. Qg5 Kf7 25. g4 h3 26. Bh1 g6 27. Qd2 f4 28. Rce1 Rce8 29. e4 fxe3 30. Rxe3 Rxe3 31. Qxe3 Re8 32. Qd2 Qe6 33. Nc3 Kg7 34. Rf2 Rf8 35. Re2 Ne4 36. Qe3 Qf6 37. Re1 Ng5 38. Qe7+ Kh6 39. Qxf6 Rxf6 40. Re3 Ne6 41. Re5 g5 42. Ne2 Nf4 43. Nxf4 gxf4 44. g5+ 1-0

[Event "New York Marshall CC-ch 91st"]
[Site "New York"]
[Date "2007.12.16"]
[Round "8"]
[White "Kopiecki, Edward"]
[Black "Sobo, Henry C"]
[Result "0-1"]
[WhiteElo "2147"]
[BlackElo "2124"]
[PlyCount "108"]
[EventDate "2007.12.07"]
[EventType "swiss"]
[EventRounds "9"]
[EventCountry "USA"]
[SourceTitle "CBM 122 Extra"]
[Source "ChessBase"]
[SourceDate "2008.03.04"]
[SourceVersion "1"]
[SourceVersionDate "2008.03.04"]
[SourceQuality "1"]

1. e4 e6 2. d4 d5 3. Nd2 Nc6 4. Ngf3 Nf6 5. e5 Nd7 6. c3 f6 7. Qa4 Be7 8. Bd3 0-0 9. Qc2 h6 10. exf6 Bxf6 11. 0-0 e5 12. Qb3 Nb6 13. a4 a5 14. Ne4 exd4 15. Nxf6+ Qxf6 16. cxd4 Bg4 17. Be4 Kh8 18. Bxd5 Nxd5 19. Qxd5 Rad8 20. Qe4 Bxf3 21. Qxf3 Qxf3 22. gxf3 Nxd4 23. Be3 Nxf3+ 24. Kg2 Rd6 25. Rfd1 Rg6+ 26. Kf1 Nxh2+ 27. Ke2 Ng4 28. Bc5 Re6+ 29. Kf1 Ne3+ 30. Bxe3 Rxe3 31. Rd7 Ref3 32. Rxc7 Rxf2+ 33. Kg1 Rxb2 34. Rd1 Re8 35. Kf1 Re4 36. Rd8+ Kh7 37. Rdd7 Rf4+ 38. Ke1 Rg4 39. Kf1 b6 40. Rb7 h5 41. Rd5 h4 42. Rh5+ Kg6 43. Rb5 Rxb5 44. axb5 Rf4+ 45. Kg2 Rf6 46. Kh3 Kh5 47. Rxg7 Rf3+ 48. Kg2 Rg3+ 49. Rxg3 hxg3 50. Kxg3 Kg5 51. Kf3 Kf5 52. Ke3 Ke5 53. Kd3 Kd5 54. Kc3 Kc5 0-1

[Event "New York Marshall CC-ch 91st"]
[Site "New York"]
[Date "2007.12.15"]
[Round "6"]
[White "Sobo, Henry C"]
[Black "Zenyuk, Iryna"]
[Result "1/2-1/2"]
[WhiteElo "2124"]
[BlackElo "2197"]
[PlyCount "178"]
[EventDate "2007.12.07"]
[EventType "swiss"]
[EventRounds "9"]
[EventCountry "USA"]
[SourceTitle "CBM 122 Extra"]
[Source "ChessBase"]
[SourceDate "2008.03.04"]
[SourceVersion "1"]
[SourceVersionDate "2008.03.04"]
[SourceQuality "1"]

1. c4 Nf6 2. g3 g6 3. Bg2 Bg7 4. Nc3 d6 5. d3 e5 6. e4 0-0 7. Nge2 Nc6 8. 0-0 Ne8 9. Be3 Be6 10. b3 Nd4 11. Qd2 c6 12. Rac1 Qa5 13. Nxd4 exd4 14. Ne2 Qb6 15. Bh6 a5 16. Bxg7 Nxg7 17. Rb1 c5 18. a3 Ra7 19. Rb2 Qa6 20. b4 axb4 21. axb4 Bd7 22. Nf4 b5 23. Nd5 f6 24. bxc5 dxc5 25. cxb5 Bxb5 26. Rfb1 Bxd3 27. Rb6 Bxb1 28. Rxa6 Rxa6 29. Qb2 Bd3 30. h4 h5 31. Qb7 Ra1+ 32. Kh2 Rb1 33. Qe7 Rbb8 34. Nxf6+ Kh8 35. Nd7 Rxf2 36. Nxb8 c4 37. Nc6 c3 38. Nxd4 c2 39. Nxc2 Bxc2 40. Qd8+ Kh7 41. Qd4 Re2 42. Kg1 Bb3 43. Qd3 Rb2 44. Qc3 Rb1+ 45. Kh2 Be6 46. Bh3 Bxh3 47. Kxh3 Rb6 48. Qd4 Rb3 49. Qf6 Re3 50. Qf4 Rb3 51. Qd6 Re3 52. Qd4 Ra3 53. Qd5 Re3 54. Kg2 Ra3 55. Kf2 Ra7 56. Qc5 Rb7 57. Qd4 Rb3 58. Qd5 Rb6 59. Ke3 Re6 60. Kf4 Rf6+ 61. Ke3 Re6 62. Kd3 Re7 63. Qd6 Ra7 64. Qc5 Rd7+ 65. Ke3 Rb7 66. Qc6 Re7 67. Kd3 Re6 68. Qd7 Kh6 69. Kd4 Ra6 70. Ke3 Re6 71. Kf3 Rf6+ 72. Ke2 Re6 73. Qd5 Re7 74. Qd4 Rf7 75. Qd6 Rb7 76. Qd4 Re7 77. Qd5 Re6 78. Ke3 Rf6 79. Qd4 Re6 80. Qd5 Rf6 81. Qd4 Re6 82. Qd3 Rb6 83. Qc3 Re6 84. Qc4 Re5 85. Qd4 Re6 86. Qd5 Rf6 87. Qd4 Re6 88. Qd3 Rb6 89. Qc3 Re6 1/2-1/2

[Event "New York Marshall CC-ch 91st"]
[Site "New York"]
[Date "2007.12.08"]
[Round "3"]
[White "Ostrovsky, Aleksandr"]
[Black "Sobo, Henry C"]
[Result "1/2-1/2"]
[WhiteElo "1980"]
[BlackElo "2124"]
[PlyCount "61"]
[EventDate "2007.12.07"]
[EventType "swiss"]
[EventRounds "9"]
[EventCountry "USA"]
[SourceTitle "CBM 122 Extra"]
[Source "ChessBase"]
[SourceDate "2008.03.04"]
[SourceVersion "1"]
[SourceVersionDate "2008.03.04"]
[SourceQuality "1"]

1. e4 e6 2. d4 d5 3. Nc3 Bb4 4. e5 c5 5. a3 Bxc3+ 6. bxc3 Qa5 7. Bd2 Qa4 8. Be3 cxd4 9. cxd4 b6 10. Bd3 Ba6 11. Ne2 Ne7 12. 0-0 Bxd3 13. Qxd3 Qa6 14. Qxa6 Nxa6 15. g4 Rc8 16. c3 0-0 17. f4 g6 18. f5 gxf5 19. Bg5 Rc7 20. Bxe7 Rxe7 21. gxf5 f6 22. exf6 Rxf6 23. fxe6 Rfxe6 24. Nf4 Rg7+ 25. Kh1 Rd6 26. Rae1 Nc7 27. Nd3 Re6 28. Rxe6 Nxe6 29. Nb4 Nc7 30. Rf5 Rd7 31. a4 1/2-1/2